00642nam a2200193Ia 4500008004100000082001800041100001500059245004300074250000900117260002800126300001200154500002400166650001400190700001400204942000700218952010400225952010400329999001500433230524s9999 xx 000 0 und d a621.3821bPRA aI.B.Prasad 0aApplied Mechanics Dynamics And Statics a19TH aNEW DELHIbKhannac2004 aXV;1276 aQuantity Number: 2 aMechanics a Y.Mathur cBK 00104070aTATCLbTATCLcGENd2023-05-24l0o621.3821 PRAp236r2023-05-24w2023-05-24yBKzBE2101 00104070aTATCLbTATCLcGENd2023-05-24l0o621.3821 PRAp237r2023-05-24w2023-05-24yBKzBE2101 c4221d4221